Taylor Swift - Chansons de l'album Reputation - Statistiques

Statistiques générales
  • Ce quiz a été pris 2 398 fois
  • Le résultat moyen est 13 sur 15
Statistiques - réponses
Hint Réponse % Correct
Album Original Piste 1 ...Ready for It?
95%
Album Original Piste 6 Look What You Made Me Do
94%
Album Original Piste 5 Delicate
92%
Album Original Piste 4 Don't Blame Me
89%
Album Original- Piste 12 Dress
88%
Album Original Piste 2 End Game
88%
Album Original- Piste 9 Getaway Car
85%
Album Original- Piste 15 New Year's Day
85%
Album Original Piste 3 I Did Something Bad
84%
Album Original Piste 8 Gorgeous
82%
Album Original- Piste 10 King Of My Heart
80%
Album Original- Piste 13 This Is Why We Can't Have Nice Things
76%
Album Original Piste 7 So It Goes...
75%
Album Original- Piste 14 Call It What You Want
74%
Album Original- Piste 11 Dancing With Our Hands Tied
73%
Aucun quiz correspondant
Distribution des résultats
% des personnes avec chaque résultat
Percentile par nombre de réponses
Votre historique - résultats
Vous n’avez pas pris ce quiz